• 首页
  • 本馆介绍
  • 公告通知
  • 最新文献
  • 馆藏检索
  • 电子资源
  • 读者导购
  • 参考咨询
  • 我的图书馆
  • 登录
  • 详细信息显示
  • 放入我的书架
  • 预约/预借图书
  • 作者相关作品
  • 分类相关作品
  • 丛书相关作品
  • 出版社相关作品

书目信息

  • 表格格式
  • 工作单格式
  • 卡片格式
题名:
研究生入学试题选编 1981-1987
    
 
作者: 北京市高等学校招生办公室 编
分册:  
出版信息: 北京   航空工业出版社  1987.7
页数: 279页
开本: 26cm
丛书名:
单 册:
中图分类: N44
科图分类:
主题词: 自然科学--习题 , 自然科学--问答
电子资源:
ISBN:
000 00699nam0 2200193 45
001 0312221749
005 20060817155351.18
010    @dCNY3.90
100    @a20031222d1987 km y0chiy0120 ea
101    @achi
200 1  @a研究生入学试题选编 1981-1987@AYan Jiu Sheng Ru Xue Shi Ti Xuan Bian 1981-1987@f北京市高等学校招生办公室编@Fbei jing shi gao deng xue xiao zhao sheng ban gong shi bian
210    @a北京@c航空工业出版社@d1987.7
215    @a279页@d26cm
606 0  @a自然科学@x习题
606 0  @a自然科学@x问答
690    @aN44@v3
701 0  @a北京市高等学校招生办公室@Abei jing shi gao deng xue xiao zhao sheng ban gong shi@4编
801    @aCN@bTSTCL@c20060817
905    @a213230@dN44@e192(1981-1987)
    
    研究生入学试题选编 1981-1987/北京市高等学校招生办公室编.-北京:航空工业出版社,1987.7
    279页;26cm
    
    
    ISBN :CNY3.90
    
●
相关链接 在E读中查询图书 在五车中查询图书 在当当中查询图书 在豆瓣中查询图书


正题名:研究生入学试题选编 1981-1987     索取号:N44/192(1981-1987)         预约/预借

序号 登录号 条形码 馆藏地/架位号 状态 备注
1 0211452   202089202   第二样本阅览室/ [索取号:N44/192(1981-1987)] 在馆    
2 0458788   204587884   密集书库/ [索取号:N44/192(1981-1987)] 在馆    
3 0458789   204587893   密集书库/ [索取号:N44/192(1981-1987)] 在馆    
唐山师范学院图书馆 欢迎您!
大连网信软件有限公司© 版权所有